000 00512nam a22001457a 4500
005 20250908123547.0
008 250908b |||||||| |||| 00| 0 eng d
100 _aNYANUMBA PAUL ONGWAE
245 _aAN EVALUATION OF EFFECTIVENNESS OF MANAGEMENT PRACTICES ON THE CONSTITUENCY DEVELOPMENT FUND PROJECTS; A CASE STUDY OF WEST MUGIRANGO CONSTITUENCY, NYAMIRA COUNTY
260 _aKISII
_bKISII UNIVERSITY
_c2012
300 _aXII,41P.
500 _aINCLUDES AN INDEX
650 _aMANAGEMENT
942 _2lcc
_cREF
999 _c216076
_d216076